Search Results
Showing Item 1 of 8
Available copies
- 1 of 1 copy available at Headquarters.
Current holds
0 current holds with 1 total copy.
| Location | Call Number / Copy Notes | Barcode | Shelving Location | Status | Due Date |
|---|---|---|---|---|---|
| Accra Central Library | 201 808.81/ROS | 000000206693 | 800 - Literature and Poetry - EXT | Available | - |
Record details
- ISBN: 9780744567885
- Physical Description: Hardcover
- Publisher: London: Walker, 1998.
Search for related items by subject
| Subject: | Children's Poetry, English |
| LDR | 00620cam a2200205Ka 4500 | ||
|---|---|---|---|
| 001 | 1318 | ||
| 003 | HQ | ||
| 005 | 20191031105812.0 | ||
| 008 | 070101s xxka br 0 eng d | ||
| 020 | . | ‡a9780744567885 | |
| 037 | . | ‡aBook Aid | |
| 082 | . | ‡a808.81/ROS | |
| 100 | . | ‡aMichael Rosen | |
| 245 | . | ‡aNight-Night, Knight And Other Poems | |
| 260 | . | ‡aLondon: ‡bWalker, ‡c1998. | |
| 300 | . | ‡aHardcover | |
| 650 | . | ‡aChildren's Poetry, English | |
| 901 | . | ‡a1318 ‡bAUTOGEN ‡c1318 ‡tbiblio | |
Search Results
Showing Item 1 of 8

Add to basket
Permalink
Disable Highlighting